Combien de ville de l'Aude (11) connais-tu ? - Statistiques

Statistiques générales
  • Ce quiz a été pris 26 fois
  • Le résultat moyen est 25 sur 433
Statistiques - réponses
Code postal Villes % Correct
11109 Narbonne
86%
11890 Carcassonne
82%
11300 Limoux
68%
11250 Leuc
55%
11430 Gruissan
50%
11370 Leucate
50%
11200 Lézignan-Corbières
50%
11110 Coursan
45%
11800 Trèbes
45%
11150 Bram
41%
11400 Castelnaudary
41%
11210 Port-la-Nouvelle
41%
11130 Sigean
41%
11590 Cuxac-d'Aude
36%
11560 Fleury
32%
11700 Capendu
27%
11600 Conques-sur-Orbiel
27%
11510 Fitou
27%
11620 Villemoustaussou
27%
11390 Cuxac-Cabardès
23%
11220 Lagrasse
23%
11500 Quillan
23%
11160 Rieux-Minervois
23%
11600 Villegly
23%
11170 Alzonne
18%
11110 Armissan
18%
11100 Bages
18%
11230 Corbières
18%
11360 Durban-Corbières
18%
11200 Luc-sur-Orbieu
18%
11290 Montréal
18%
11170 Pezens
18%
11350 Tuchan
18%
11600 Villalier
18%
11600 Aragon
14%
11290 Arzens
14%
11140 Axat
14%
11240 Belvèze-du-Razès
14%
11160 Caunes-Minervois
14%
11510 Caves
14%
11570 Cazilhac
14%
11270 Fanjeaux
14%
11800 Laure-Minervois
14%
11100 Montredon-des-Corbières
14%
11120 Moussan
14%
11170 Moussoulens
14%
11200 Ornaisons
14%
11590 Ouveillan
14%
11610 Pennautier
14%
11700 Pépieux
14%
11400 Peyrens
14%
11300 Pieusse
14%
11250 Pomas
14%
11110 Salles-d'Aude
14%
11150 Villesiscle
14%
11110 Vinassan
14%
11290 Alairac
9%
11200 Argens-Minervois
9%
11200 Bizanet
9%
11120 Bize-Minervois
9%
11190 Bugarach
9%
11420 Cahuzac
9%
11240 Cailhau
9%
11240 Cailhavel
9%
11240 Cambieure
9%
11200 Canet
9%
11170 Carlipa
9%
11270 Cassaigne
9%
11230 Chalabre
9%
11300 Cournanel
9%
11200 Cruscades
9%
11350 Cucugnan
9%
11260 Espéraza
9%
11400 Fendeille
9%
11240 Ferran
9%
11510 Feuilla
9%
11390 Fontiers-Cabardès
9%
11270 Gaja-la-Selve
9%
11240 Gramazie
9%
11240 Hounoux
9%
11320 Labastide-d'Anjou
9%
11270 Lasserre-de-Prouille
9%
11800 Marseillette
9%
11320 Montferrand
9%
11170 Montolieu
9%
11800 Monze
9%
11330 Mouthoumet
9%
11200 Névian
9%
11270 Orsans
9%
11570 Palaja
9%
11150 Pexiora
9%
11440 Peyriac-de-Mer
9%
11200 Raissac-d'Aude
9%
11540 Roquefort-des-Corbières
9%
11290 Roullens
9%
11120 Saint-Nazaire-d'Aude
9%
11400 Saint-Papoul
9%
11310 Saissac
9%
11590 Sallèles-d'Aude
9%
11510 Treilles
9%
11150 Villasavary
9%
11800 Villedubert
9%
11290 Villeneuve-lès-Montréal
9%
11150 Villepinte
9%
11800 Aigues-Vives
5%
11320 Airoux
5%
11300 Ajac
5%
11240 Alaigne
5%
11360 Albas
5%
11330 Albières
5%
11580 Alet-les-Bains
5%
11190 Antugnac
5%
11120 Argeliers
5%
11140 Artigues
5%
11330 Auriac
5%
11800 Badens
5%
11600 Bagnoles
5%
11420 Belpech
5%
11200 Boutenac
5%
11270 Brézilhac
5%
11390 Brousses-et-Villaret
5%
11300 Brugairolles
5%
11160 Cabrespine
5%
11140 Cailla
5%
11340 Camurac
5%
11190 Cassaignes
5%
11300 Castelreng
5%
11390 Caudebronde
5%
11170 Caux-et-Sauzens
5%
11570 Cavanac
5%
11270 Cazalrenoux
5%
11170 Cenne-Monestiés
5%
11300 Cépie
5%
11340 Comus
5%
11200 Conilhac-Corbières
5%
11250 Couffoulens
5%
11190 Couiza
5%
11300 Digne-d'Amont
5%
11300 Digne-d'Aval
5%
11240 Donazac
5%
11700 Douzens
5%
11200 Escales
5%
11240 Escueillens-et-Saint-Just-de-Bélengard
5%
11200 Fabrezan
5%
11410 Fajac-la-Relenque
5%
11240 Fenouillet-du-Razès
5%
11200 Ferrals-les-Corbières
5%
11800 Floure
5%
11700 Fontcouverte
5%
11400 Fonters-du-Razès
5%
11800 Fontiès-d'Aude
5%
11360 Fontjoncouse
5%
11270 Force
5%
11200 Homps
5%
11400 Issel
5%
11420 Lafage
5%
11400 Lasbordes
5%
11600 Lastours
5%
11400 Laurabuc
5%
11270 Laurac
5%
11300 Lauraguel
5%
11240 Lignairolles
5%
11300 Loupia
5%
11300 Magrie
5%
11330 Maisons
5%
11300 Malras
5%
11600 Malves-en-Minervois
5%
11120 Marcorignan
5%
11390 Martys
5%
11380 Mas-Cabardès
5%
11240 Mazerolles-du-Razès
5%
11120 Mirepeisset
5%
11400 Mireval-Lauragais
5%
11420 Molandier
5%
11190 Montazels
5%
11240 Monthaut
5%
11230 Montjardin
5%
11320 Montmaur
5%
11200 Montséret
5%
11700 Moux
5%
11500 Nébias
5%
11330 Palairac
5%
11480 Palme
5%
11200 Paraza
5%
11300 Pauligne
5%
11410 Payra-sur-l'Hers
5%
11420 Pécharic-et-le-Py
5%
11230 Peyrefitte-du-Razès
5%
11420 Peyrefitte-sur-l'Hers
5%
11160 Peyriac-Minervois
5%
11420 Plaigne
5%
11270 Plavilla
5%
11300 Pomy
5%
11490 Portel-des-Corbières
5%
11230 Puivert
5%
11500 Quirbajou
5%
11170 Raissac-sur-Lampy
5%
11190 Rennes-les-Bains
5%
11270 Ribouisse
5%
11140 Roquefort-de-Sault
5%
11200 Roubia
5%
11270 Saint-Amans
5%
11200 Saint-André-de-Roquelongue
5%
11310 Saint-Denis
5%
11170 Sainte-Eulalie
5%
11270 Saint-Julien-de-Briola
5%
11220 Saint-Laurent-de-la-Cabrerisse
5%
11300 Saint-Martin-de-Villereglan
5%
11400 Saint-Martin-Lalande
5%
11220 Saint-Pierre-des-Champs
5%
11420 Saint-Sernin
5%
11600 Salsigne
5%
11220 Serviès-en-Val
5%
11220 Talairan
5%
11220 Tournissan
5%
11160 Trassanel
5%
11610 Ventenac-Cabardès
5%
11120 Ventenac-en-Minervois
5%
11600 Villarzel-Cabardès
5%
11420 Villautou
5%
11600 Villegailhenc
5%
11300 Villelongue-d'Aude
5%
11400 Villeneuve-la-Comptal
5%
11160 Villeneuve-Minervois
5%
11170 Villesèquelande
5%
11170 Villespy
5%
11190 Arques
0%
11220 Arquettes-en-Val
0%
11140 Aunat
0%
11700 Azille
0%
11410 Baraigne
0%
11800 Barbaira
0%
11340 Belcaire
0%
11580 Belcastel-et-Buc
0%
11410 Belflou
0%
11140 Belfort-sur-Rebenty
0%
11240 Bellegarde-du-Razès
0%
11500 Belvianes-et-Cavirac
0%
11340 Belvis
0%
11890 Berriac
0%
11140 Bessède-de-Sault
0%
11300 Bezole
0%
11700 Blomac
0%
11800 Bouilhonnac
0%
11330 Bouisse
0%
11300 Bouriège
0%
11300 Bourigeole
0%
11140 Bousquet
0%
11400 Brunels
0%
11140 Campagna-de-Sault
0%
11260 Campagne-sur-Aude
0%
11200 Camplong-d'Aude
0%
11190 Camps-sur-l'Agly
0%
11360 Cascastel-des-Corbières
0%
11320 Cassés
0%
11160 Castans
0%
11700 Castelnau-d'Aude
0%
11220 Caunettes-en-Val
0%
11250 Caunette-sur-Lauquet
0%
11160 Citou
0%
11140 Clat
0%
11250 Clermont-sur-Lauquet
0%
11700 Comigne
0%
11500 Coudons
0%
11140 Counozouls
0%
11230 Courtauly
0%
11240 Courtète
0%
11190 Coustaussa
0%
11220 Coustouge
0%
11190 Cubières-sur-Cinoble
0%
11410 Cumiès
0%
11330 Davejean
0%
11330 Dernacueillette
0%
11350 Duilhac-sous-Peyrepertuse
0%
11360 Embres-et-Castelmaure
0%
11140 Escouloubre
0%
11340 Espezel
0%
11220 Fajac-en-Val
0%
11140 Fajolle
0%
11330 Félines-Termenès
0%
11300 Festes-et-Saint-André
0%
11140 Fontanès-de-Sault
0%
11600 Fournes-Cabardès
0%
11190 Fourtou
0%
11600 Fraisse-Cabardès
0%
11360 Fraissé-des-Corbières
0%
11300 Gaja-et-Villedieu
0%
11140 Galinagues
0%
11250 Gardie
0%
11270 Generville
0%
11140 Gincla
0%
11120 Ginestas
0%
11500 Ginoles
0%
11410 Gourvieille
0%
11500 Granès
0%
11250 Greffeil
0%
11380 Ilhes
0%
11220 Jonquières
0%
11140 Joucou
0%
11220 Labastide-en-Val
0%
11380 Labastide-Esparbairenque
0%
11400 Labécède-Lauragais
0%
11310 Lacombe
0%
11250 Ladern-sur-Lauquet
0%
11330 Lairière
0%
11330 Lanet
0%
11390 Laprade
0%
11330 Laroque-de-Fa
0%
11290 Lavalette
0%
11160 Lespinassière
0%
11600 Limousis
0%
11410 Louvière-Lauragais
0%
11190 Luc-sur-Aude
0%
11120 Mailhac
0%
11300 Malviès
0%
11410 Marquein
0%
11140 Marsa
0%
11570 Mas-des-Cours
0%
11330 Massac
0%
11400 Mas-Saintes-Puelles
0%
11420 Mayreville
0%
11220 Mayronnes
0%
11140 Mazuby
0%
11140 Mérial
0%
11410 Mézerville
0%
11380 Miraval-Cabardès
0%
11580 Missègre
0%
11410 Molleville
0%
11410 Montauriol
0%
11700 Montbrun-des-Corbières
0%
11250 Montclar
0%
11140 Montfort-sur-Boulzane
0%
11330 Montgaillard
0%
11240 Montgradail
0%
11800 Montirat
0%
11330 Montjoi
0%
11140 Niort-de-Sault
0%
11350 Padern
0%
11350 Paziols
0%
11420 Pech-Luna
0%
11190 Peyrolles
0%
11400 Pomarède
0%
11120 Pouzols-Minervois
0%
11380 Pradelles-Cabardès
0%
11250 Preixan
0%
11400 Puginier
0%
11700 Puichéric
0%
11140 Puilaurens
0%
11360 Quintillan
0%
11700 Redorte
0%
11190 Rennes-le-Château
0%
11220 Ribaute
0%
11400 Ricaud
0%
11220 Rieux-en-Val
0%
11230 Rivel
0%
11140 Rodome
0%
11700 Roquecourbe-Minervois
0%
11380 Roquefère
0%
11340 Roquefeuil
0%
11190 Roquetaillade-et-Conilhac
0%
11250 Rouffiac-d'Aude
0%
11350 Rouffiac-des-Corbières
0%
11240 Routier
0%
11800 Rustiques
0%
11230 Saint-Benoît
0%
11700 Saint-Couat-d'Aude
0%
11300 Saint-Couat-du-Razès
0%
11410 Sainte-Camelle
0%
11140 Sainte-Colombe-sur-Guette
0%
11230 Sainte-Colombe-sur-l'Hers
0%
11120 Sainte-Valière
0%
11500 Saint-Ferriol
0%
11800 Saint-Frichoux
0%
11270 Saint-Gaudéric
0%
11250 Saint-Hilaire
0%
11360 Saint-Jean-de-Barrou
0%
11260 Saint-Jean-de-Paracol
0%
11500 Saint-Julia-de-Bec
0%
11500 Saint-Just-et-le-Bézu
0%
11500 Saint-Louis-et-Parahou
0%
11120 Saint-Marcel-sur-Aude
0%
11220 Saint-Martin-des-Puits
0%
11170 Saint-Martin-le-Vieil
0%
11500 Saint-Martin-Lys
0%
11410 Saint-Michel-de-Lanès
0%
11320 Saint-Paulet
0%
11300 Saint-Polycarpe
0%
11600 Sallèles-Cabardès
0%
11410 Salles-sur-l'Hers
0%
11140 Salvezines
0%
11330 Salza
0%
11240 Seignalens
0%
11190 Serpent
0%
11190 Serres
0%
11230 Sonnac-sur-l'Hers
0%
11190 Sougraigne
0%
11400 Souilhanels
0%
11400 Souilhe
0%
11330 Soulatgé
0%
11320 Soupex
0%
11220 Taurize
0%
11330 Termes
0%
11580 Terroles
0%
11200 Thézan-des-Corbières
0%
11380 Tourette-Cabardès
0%
11200 Tourouzelle
0%
11300 Tourreilles
0%
11160 Trausse
0%
11400 Tréville
0%
11230 Tréziers
0%
11220 Val-de-Dagne
0%
11230 Val de Lambronne
0%
11260 Val-du-Faby
0%
11580 Valmigère
0%
11580 Véraza
0%
11400 Verdun-en-Lauragais
0%
11250 Verzeille
0%
11330 Vignevieille
0%
11600 Villanière
0%
11580 Villardebelle
0%
11600 Villardonnel
0%
11220 Villar-en-Val
0%
11250 Villar-Saint-Anselme
0%
11300 Villarzel-du-Razès
0%
11250 Villebazy
0%
11200 Villedaigne
0%
11570 Villefloure
0%
11230 Villefort
0%
11310 Villemagne
0%
11360 Villeneuve-les-Corbières
0%
11330 Villerouge-Termenès
0%
11360 Villesèque-des-Corbières
0%
11220 Villetritouls
0%
Aucun quiz correspondant
Distribution des résultats
% des personnes avec chaque résultat
Percentile par nombre de réponses
Votre historique - résultats
Vous n’avez pas pris ce quiz